| 000 | 00414nam a22001817a 4500 | ||
|---|---|---|---|
| 003 | OSt | ||
| 005 | 20230919094326.0 | ||
| 008 | 230919b |||||||| |||| 00| 0 eng d | ||
| 020 | _a9332549920 | ||
| 040 | _cKABU | ||
| 050 |
_aBJ1012 _b.F73 2015 |
||
| 100 | _aFrankena, William K. | ||
| 245 |
_aEthics/ _cWilliam K. Frankena |
||
| 250 | _a2nd ed. | ||
| 260 | _c2015 | ||
| 300 | _axvi, 125p. | ||
| 942 |
_2lcc _cBK |
||
| 999 |
_c20302 _d20301 |
||